Normal view
MARC view
Entry Nome pessoal
001 - NÚMERO DE CONTROLE
- campo de controle: 114
003 - IDENTIFICADOR DO NÚMERO DE CONTROLE
- campo de controle: Br
005 - DATA E HORÁRIO DA ÚLTIMA TRANSAÇÃO
- campo de controle: 20250122082632.0
008 - CAMPO DE DADOS FIXOS
- campo de controle de tamanho fixo: 990820 a a
035 ## - NÚMERO DE CONTROLE DO SISTEMA
- Número de Controle do Sistema: 99082015100384E50
040 ## - FONTE DA CATALOGAÇÃO
- Instituição da catalogação original: OSt
100 1# - CABEÇALHO--NOME PESSOAL
- Nome pessoal: Baigent, Michael,
- Datas associadas ao nome: 1948-2013
670 ## - FONTE POSITIVA DOS DADOS
- Citação da fonte positiva dos dados: Autor de: O Santo Graal...1993
670 ## - FONTE POSITIVA DOS DADOS
- Citação da fonte positiva dos dados: http://authorities.loc.gov 9/10/09
- Dados encontrados na fonte localizada no subcampo: (nasceu na Nova Zelândia, em 1948)
670 ## - FONTE POSITIVA DOS DADOS
- Citação da fonte positiva dos dados: http://blpc.bl.uk
- Dados encontrados na fonte localizada no subcampo: (d.n.)
670 ## - FONTE POSITIVA DOS DADOS
- Citação da fonte positiva dos dados: http://en.wikipedia.org/wiki/Michael_Baigent
670 ## - FONTE POSITIVA DOS DADOS
- Citação da fonte positiva dos dados: http://www.natlib.govt.nz/catalogues
- Dados encontrados na fonte localizada no subcampo: (d.n.)